| 000 | 00693nam a22002177a 4500 | ||
|---|---|---|---|
| 005 | 20250402113934.0 | ||
| 008 | 250402b |||||||| |||| 00| 0 eng d | ||
| 020 |
_a9789364372893 _cRs.725.00 |
||
| 040 | _aLoreto College | ||
| 041 | _aEnglish | ||
| 082 |
_a153.94 _bSHA |
||
| 100 | _aSharma,Nandini | ||
| 245 |
_aNTA UGC Net Set Jrf Education Paper 2 _cNandini Sharma and Renu Kulshreshtha |
||
| 260 |
_aMeerut _bArihant Publication _c 2024 |
||
| 300 |
_a716p. _b26cm. |
||
| 650 | _aCompetitive examination book-UGC NET SET JRF Education Paper2 | ||
| 700 | _4Auth | ||
| 710 |
_4Auth _aKulshreshtha,Renu |
||
| 850 | _aLCLIB | ||
| 942 | _cBK | ||
| 999 |
_c43994 _d94473 |
||